A handbook of sustainable building design and engineering (Record no. 111007)

MARC details
000 -LEADER
fixed length control field 03195cad a22002535a 4500
001 - CONTROL NUMBER
control field L150888
008 - FIXED-LENGTH DATA ELEMENTS--GENERAL INFORMATION
fixed length control field 100910s2009 xxk f 000 0 eng d
020 ## - INTERNATIONAL STANDARD BOOK NUMBER
International Standard Book Number 9786000015824
035 ## - SYSTEM CONTROL NUMBER
System control number (Sirsi) u150888
041 0# - LANGUAGE CODE
Language code of text/sound track or separate title eng
050 04 - LIBRARY OF CONGRESS CALL NUMBER
Classification number 721.046 $2 18
100 1# - MAIN ENTRY--PERSONAL NAME
Personal name Mumovic , Dejan
245 02 - TITLE STATEMENT
Title A handbook of sustainable building design and engineering
Remainder of title an integrated approach to energy, health and operational performance
Medium [electronic resource]
260 ## - PUBLICATION, DISTRIBUTION, ETC.
Name of publisher, distributor, etc. Earthscan
Date of publication, distribution, etc. 2009
300 ## - PHYSICAL DESCRIPTION
Extent eBook
505 2# - FORMATTED CONTENTS NOTE
Formatted contents note I Introuduction -- 1 Building Sustainable Communities: Combining Social and Physical -- Part II Energy and buildings -- 2 Energy Efficiency and Thermal Envelope -- 3 Energy Monitoring and Labelling -- 4 Energy Modelling -- 5 Carbon Reduction in Buildings -- 6 Renewable Energy Sources and the City -- 7 Heat Pumps in City Centre Buildings -- 8 Life Cycle Assessment of Buildings -- 9 Case study Energy and Environmental Monitoring -- 10 Case study Energy Modelling -- 11 Case study Energy Efficient Refurbishment of Buildings: A Policy Context -- Part III Buildings and environment -- 12 Urban Climate: Impacts on Energy Use, Comfort and Health -- 13 Air Pollution and the Urban Built Environment -- 14 Ventilation, Thermal Comfort, Health and Productivity -- 15 Indoor Air Quality and Ventilation Modelling -- 16 Moisture Control in Buildings -- 17 Natural Ventilation in City Centre Buildings -- 18 Mechanical and Mixed-Mode Ventilation in City Centre Buildings -- 19 Climate Change and Building Design -- 20 Sustainable Cooling Strategies -- 21 Case study Indoor Air Quality in City Centre Buildings -- 22 Case study Indoor Air Quality and Health -- 23 Case study Indoor Air Quality and Ventilation Modelling -- Part IV Operational performance of buildings -- 24 Post-Occupancy Evaluation of Buildings -- 25 Occupant Behaviour and Energy Use -- 26 Case study Natural Ventilation of Auditoria: Three Case Studies -- 27 Case study A Naturally Ventilated Building in a City Centre -- 28 Case study Impact of an Energy Refurbishment Programme in Chile: More than Energy Savings
520 ## - SUMMARY, ETC.
Summary, etc. This eBook covers: how to design, engineer and monitor a building in a manner that minimises the emissions of greenhouse gases; how to adapt the environment, fabric and services of existing and new buildings to climate change; and, how to improve the environment in and around buildings to provide better health, comfort, security and productivity, and provides crucial expertise on monitoring the performance of buildings once they are occupied. The authors explain the principles behind built environment engineering, and offer practical guidance through international case studies.This work offers highly practical coverage of design, engineering, adaptation and monitoring of sustainable buildings. Written by leading international experts, it is an essential toolkit for building engineers and advanced students.
650 24 - SUBJECT ADDED ENTRY--TOPICAL TERM
Topical term or geographic name entry element EBOOK
651 #4 - SUBJECT ADDED ENTRY--GEOGRAPHIC NAME
Geographic name INTERNATIONAL
690 ## - LOCAL SUBJECT ADDED ENTRY--TOPICAL TERM (OCLC, RLIN)
Topical term or geographic name as entry element BUILT ENVIRONMENT-SUSTAINABLE CONSTRUCTION
700 1# - ADDED ENTRY--PERSONAL NAME
Personal name Santamouris, Mat
856 48 - ELECTRONIC LOCATION AND ACCESS
Uniform Resource Identifier <a href="https://www.vlebooks.com/">https://www.vlebooks.com/</a>
Public note View on VLEbooks. Logins for members only from [email protected]
942 ## - ADDED ENTRY ELEMENTS (KOHA)
Suppress in OPAC 0
Holdings
Withdrawn status Lost status Source of classification or shelving scheme Damaged status Not for loan Home library Current library Shelving location Date acquired Total Checkouts Full call number Barcode Date last seen Copy number Price effective from Koha item type
    Dewey Decimal Classification     Virtual Virtual Online 10/09/2010   EBOOK 150888-1001 06/08/2019 1 06/08/2019 Book